000 00295nam a22001337a 4500
008 170727b xxu||||| |||| 00| 0 eng d
020 _a9780471473244
041 _aeng
080 _a004
100 _a31
101 _aSHK
245 _aTHE PEARSON CUSTOM PROGRAM
_cDRIENDL,J
942 _2udc
_cBK
999 _c22006
_d22006